Statistics for Vehicles Per Capita Top 5 Per Continent

Click here to take the quiz!

General Stats

  • This quiz has been taken 25 times
  • The average score is 21 of 30

Answer Stats

Answer % Correct
Australia
91%
United States
91%
Brazil
91%
New Zealand
91%
South Africa
87%
Canada
87%
Chile
87%
Mexico
87%
Japan
87%
Argentina
87%
Uruguay
83%
Fiji
78%
Tonga
78%
Monaco
78%
Liechtenstein
74%
Qatar
70%
Suriname
65%
San Marino
65%
Kuwait
65%
Bahrain
65%
Luxembourg
61%
Seychelles
61%
Trinidad and Tobago
52%
Mauritius
52%
Botswana
52%
Barbados
48%
Tunisia
48%
Nauru
43%
Iceland
43%
Cyprus
35%

Score Distribution

Percentile by Number Answered

Percent of People with Each Score

Your Score History

You have not taken this quiz